000 00941nam a22002655a 4500
001 15049621
005 20071018143025.0
008 071018s2008 nyu 000 0 eng
010 _a 2007939803
020 _a9783540765158 (softcover : alk. paper)
020 _a9783540765165 (E- ISBN)
040 _aDLC
_cDLC
082 _222
_a330.015195
_bBAL
100 1 _aBaltagi, Badi H.
_93604
245 1 0 _aEconometrics /
_cBadi H. Baltagi.
250 _a4th ed.
260 _aNew York :
_bSpringer,
_cc2008.
263 _a0811
300 _axv, 392p.
_bill.;
_c24 cm.
504 _aIncludes bibliographical references and index.
650 1 _93215
_aEconometrics.
942 _2ddc
_cBB
999 _c11283
_d11283